| 000 | 00808nam a22002175i 4500 | ||
|---|---|---|---|
| 001 | 102839 | ||
| 003 | ES-MaACL | ||
| 005 | 20230906183210.0 | ||
| 007 | t| | ||
| 008 | 950926s1882 sp ||||1| spa d | ||
| 040 |
_aCAM _bspa _cCAM |
||
| 110 | 2 |
_aAcademia Médico-Quirúrgica Española. _91209 |
|
| 245 | 1 | 0 |
_aMemoria leída en la Academia Médico-Quirúrgica Española en la sesión inaugural del año académico de 1882-1883 / _cpor ... Antonio Espina y Capo. |
| 260 |
_aMadrid : _b[s.n.], _c1882 ( _fImpr. de Enrique Teodoro) |
||
| 300 |
_a29, [1] p. ; _c24 cm. |
||
| 610 | 2 | 4 |
_aAcademia Médico-Quirúrgica Española- _vMemorias. _9157461 |
| 700 | 1 |
_aEspina y Capo, Antonio, _d1850-1930 _947840 |
|
| 852 |
_aES-MaACL _jT-381-F-17 |
||
| 852 |
_aES-MaACL _jT-377-F-11 |
||
| 999 |
_c102839 _d102839 |
||